000 00701nam a2200289Ia 4500
005 20260324133021.0
008 008 260324s9999 xx 000 0 eng d
020 _a9780203299678
037 _aEBOOK
040 _aCRL
040 _beng
040 _cCRL
041 _2eng
041 _aeng
084 _qCRL
100 _aYoram Levy; Marcel Wissenburg
_91191487
245 0 _aLiberal Democracy and Environmentalism
245 4 _bThe End of Environmentalism?
260 _bTaylor and Francis
260 _c2004
365 _a
365 _b255
856 _uhttp://www.taylorfrancis.com/books/9780203299678
942 _cEBOOK
999 _c1790128
_d1790128